[Event "CYCC U08"]
[Site "Quebec CAN"]
[Date "2008.07.14"]
[Round "2"]
[White "Zhang, Richard"]
[Black "Seguin, Derek"]
[Result "1-0"]
[Annotator "Brodie,Hugh"]
[WhiteElo "962"]
[BlackElo "1027"]
[PlyCount "50"]
[GameId "2160767739706436"]
[EventDate "2008.07.14"]
[EventType "swiss"]
[EventRounds "7"]
[EventCountry "CAN"]

1. e4 e5 2. Nf3 Nc6 3. Bb5 a6 4. Ba4 b5 5. Bb3 Bc5 6. O-O Nf6 7. Ng5 O-O 8. c3 a5 9. Bxf7+ Rxf7 10. Nxf7 Kxf7 11. Qb3+ d5 12. exd5 Nxd5 13. d3 a4 14. Qd1 Bf5 15. Qf3 Nde7 16. g4 Qd5 17. Qxd5+ Nxd5 18. gxf5 b4 19. c4 Nf4 20. Bxf4 exf4 21. Nd2 Ne5 22. Ne4 a3 23. bxa3 bxa3 24. Nxc5 Rc8 25. Rfe1 Re8 {etc.} 1-0

[Event "CYCC U08"]
[Site "Quebec CAN"]
[Date "2008.07.14"]
[Round "2"]
[White "Zotkin, Daniel"]
[Black "Robichaud, Alexandre"]
[Result "1-0"]
[WhiteElo "1059"]
[BlackElo "891"]
[PlyCount "67"]
[GameId "2160767910353806"]
[EventDate "2008.07.14"]
[EventType "swiss"]
[EventRounds "7"]
[EventCountry "CAN"]
[SourceTitle "EXT 2011"]
[Source "ChessBase"]
[SourceDate "2011.11.26"]
[SourceVersion "1"]
[SourceVersionDate "2011.11.26"]
[SourceQuality "1"]

1. e4 e5 2. Nf3 Nc6 3. Nc3 Bc5 4. Nxe5 Nxe5 5. d4 Bxd4 6. Qxd4 Nc6 7. Qxg7 Qf6 8. Qxf6 Nxf6 9. Bh6 Ng8 10. Bg7 Nd4 11. Bxd4 f6 12. O-O-O Nh6 13. f4 Ng4 14. Rd2 Rf8 15. h3 Nh6 16. Be2 d6 17. Rhd1 f5 18. Bg7 Rg8 19. Bxh6 Rxg2 20. exf5 Rh2 21. Bh5+ Ke7 22. Rxh2 Bxf5 23. Re2+ Kd7 24. Bg4 Bxg4 25. hxg4 Re8 26. Rxe8 Kxe8 27. Nd5 Kd7 28. f5 c6 29. f6 cxd5 30. f7 Kc6 31. f8=Q Kb6 32. Qxd6+ Ka5 33. Rxd5+ Ka4 34. Qf4# 1-0

[Event "CYCC U08"]
[Site "Quebec CAN"]
[Date "2008.07.15"]
[Round "3"]
[White "Aghamalian, Derick"]
[Black "Luo, Alan"]
[Result "0-1"]
[WhiteElo "954"]
[BlackElo "914"]
[PlyCount "86"]
[GameId "2160767910353807"]
[EventDate "2008.07.14"]
[EventType "swiss"]
[EventRounds "7"]
[EventCountry "CAN"]
[SourceTitle "EXT 2011"]
[Source "ChessBase"]
[SourceDate "2011.11.26"]
[SourceVersion "1"]
[SourceVersionDate "2011.11.26"]
[SourceQuality "1"]

1. e4 e5 2. Nf3 Nc6 3. Bc4 Bc5 4. d3 Nf6 5. Ng5 O-O 6. Be3 Bb6 7. Bxb6 axb6 8. Bxf7+ Rxf7 9. Nxf7 Kxf7 10. O-O d6 11. Nc3 Bg4 12. Qe1 Nd4 13. Rb1 Nxc2 14. Qd2 Nd4 15. f3 Be6 16. a4 Qd7 17. Ne2 Nxe2+ 18. Qxe2 Rxa4 19. Ra1 Rxa1 20. Rxa1 Qc6 21. Rd1 Bb3 22. Rd2 Qc5+ 23. Qf2 Qc1+ 24. Qf1 Qxd2 25. Qf2 Qxd3 26. Qf1 Qxf1+ 27. Kxf1 Ke6 28. g4 c5 29. g5 Nh5 30. Kg2 Nf4+ 31. Kg3 d5 32. exd5+ Kxd5 33. h4 g6 34. Kg4 c4 35. Kg3 b5 36. Kf2 b4 37. Ke1 c3 38. bxc3 bxc3 39. Kf2 c2 40. h5 c1=Q 41. hxg6 Qd2+ 42. Kg3 Qg2+ 43. Kh4 Qh3# 0-1

[Event "CYCC U08"]
[Site "Quebec CAN"]
[Date "2008.07.15"]
[Round "3"]
[White "Bellissimo, Joseph"]
[Black "Lee, Jonah"]
[Result "1-0"]
[WhiteElo "1206"]
[BlackElo "1318"]
[PlyCount "33"]
[GameId "2160767910353808"]
[EventDate "2008.07.14"]
[EventType "swiss"]
[EventRounds "7"]
[EventCountry "CAN"]
[SourceTitle "EXT 2011"]
[Source "ChessBase"]
[SourceDate "2011.11.26"]
[SourceVersion "1"]
[SourceVersionDate "2011.11.26"]
[SourceQuality "1"]

1. e4 e6 2. d4 d5 3. e5 c5 4. c3 Nc6 5. Nf3 Qb6 6. Bd3 Bd7 7. O-O cxd4 8. cxd4 Nxd4 9. Nxd4 Qxd4 10. Nc3 Qxe5 11. Re1 Qc7 12. Nxd5 Qc6 13. Bb5 Qd6 14. Bf4 Qc5 15. Rc1 Qxc1 16. Qxc1 Rc8 17. Qxc8# 1-0

[Event "CYCC U08"]
[Site "Quebec CAN"]
[Date "2008.07.15"]
[Round "3"]
[White "Gugel, Brett"]
[Black "Zhang, Richard"]
[Result "0-1"]
[WhiteElo "1176"]
[BlackElo "962"]
[PlyCount "62"]
[GameId "2160767910353810"]
[EventDate "2008.07.14"]
[EventType "swiss"]
[EventRounds "7"]
[EventCountry "CAN"]
[SourceTitle "EXT 2011"]
[Source "ChessBase"]
[SourceDate "2011.11.26"]
[SourceVersion "1"]
[SourceVersionDate "2011.11.26"]
[SourceQuality "1"]

1. e4 c5 2. Nf3 d6 3. d4 cxd4 4. Nxd4 Nf6 5. Nc3 a6 6. g3 e5 7. Nf3 Be6 8. Bg2 Qd7 9. O-O Bh3 10. Bxh3 Qxh3 11. Ng5 Qd7 12. Be3 h6 13. Nf3 Nc6 14. Qe2 Qg4 15. Rad1 Nxe4 16. Nxe4 Qxe4 17. Nd2 Qf5 18. Nc4 Qe6 19. Rfe1 Be7 20. Rd2 O-O 21. Red1 Rad8 22. f4 d5 23. Nb6 d4 24. fxe5 dxe3 25. Rxd8 Rxd8 26. Rxd8+ Nxd8 27. Qxe3 Qc6 28. Kf1 Bc5 29. Qd3 Bxb6 30. b3 Qc5 31. Qe2 Qg1# 0-1

[Event "CYCC U08"]
[Site "Quebec CAN"]
[Date "2008.07.15"]
[Round "3"]
[White "Kassam, Jamil"]
[Black "Zotkin, Daniel"]
[Result "1-0"]
[WhiteElo "1210"]
[BlackElo "1059"]
[PlyCount "71"]
[GameId "2160767910353811"]
[EventDate "2008.07.14"]
[EventType "swiss"]
[EventRounds "7"]
[EventCountry "CAN"]
[SourceTitle "EXT 2011"]
[Source "ChessBase"]
[SourceDate "2011.11.26"]
[SourceVersion "1"]
[SourceVersionDate "2011.11.26"]
[SourceQuality "1"]

1. e4 e5 2. Nf3 Nc6 3. Bc4 Bc5 4. c3 Nge7 5. d4 d5 6. exd5 Bb6 7. dxc6 bxc6 8. Nxe5 Rf8 9. Nxc6 Nxc6 10. Bb5 Bd7 11. Qf3 Qe7+ 12. Be3 O-O-O 13. Bxc6 Bxc6 14. Qxc6 Rd6 15. Qf3 Rf6 16. Qh3+ Kd8 17. O-O h6 18. Nd2 g5 19. Rfe1 Qd6 20. Ne4 Qe7 21. Nxf6 Qxf6 22. Rad1 g4 23. Qxg4 h5 24. Qxh5 Rh8 25. Qg5 Qxg5 26. Bxg5+ Kc8 27. Re7 Rg8 28. Bf6 Rg6 29. Rxf7 Kb7 30. Kf1 Rh6 31. h3 Rg6 32. g4 Rh6 33. h4 Rg6 34. h5 Rh6 35. g5 Rxh5 36. g6 1-0

[Event "CYCC U08"]
[Site "Quebec CAN"]
[Date "2008.07.15"]
[Round "3"]
[White "Liu, Tony"]
[Black "Lepage, Draven"]
[Result "1-0"]
[WhiteElo "673"]
[BlackElo "991"]
[PlyCount "31"]
[GameId "2160767910353812"]
[EventDate "2008.07.14"]
[EventType "swiss"]
[EventRounds "7"]
[EventCountry "CAN"]
[SourceTitle "EXT 2011"]
[Source "ChessBase"]
[SourceDate "2011.11.26"]
[SourceVersion "1"]
[SourceVersionDate "2011.11.26"]
[SourceQuality "1"]

1. e4 e5 2. Nf3 Nc6 3. Bc4 f6 4. O-O Bc5 5. d4 exd4 6. Re1 Nge7 7. e5 Nf5 8. exf6+ Kf8 9. fxg7+ Kxg7 10. Ne5 Nh6 11. Bxh6+ Kxh6 12. Nf7+ Kg7 13. Qg4+ Kf8 14. Nxd8 d5 15. Qf4+ Kg8 16. Qf7# 1-0

[Event "CYCC U08"]
[Site "Quebec CAN"]
[Date "2008.07.15"]
[Round "3"]
[White "Seguin, Derek"]
[Black "Boushy, Declan Paul"]
[Result "0-1"]
[WhiteElo "1027"]
[BlackElo "783"]
[PlyCount "36"]
[GameId "2160767910353813"]
[EventDate "2008.07.14"]
[EventType "swiss"]
[EventRounds "7"]
[EventCountry "CAN"]
[SourceTitle "EXT 2011"]
[Source "ChessBase"]
[SourceDate "2011.11.26"]
[SourceVersion "1"]
[SourceVersionDate "2011.11.26"]
[SourceQuality "1"]

1. e4 e5 2. Nf3 Nc6 3. Bc4 Nf6 4. Nc3 Be7 5. O-O O-O 6. d3 d5 7. exd5 Bd7 8. Be3 Bg4 9. h3 Bh5 10. g4 Qd7 11. d4 exd4 12. Nxd4 Nxd4 13. Bxd4 Nxg4 14. hxg4 Bxg4 15. Qd2 Bd6 16. Qd3 Qf5 17. f3 Qh5 18. fxg4 Qh2# 0-1

[Event "CYCC U08"]
[Site "Quebec CAN"]
[Date "2008.07.15"]
[Round "4"]
[White "Gagne, Eric"]
[Black "Gugel, Brett"]
[Result "0-1"]
[WhiteElo "951"]
[BlackElo "1176"]
[PlyCount "84"]
[GameId "2160767910353815"]
[EventDate "2008.07.14"]
[EventType "swiss"]
[EventRounds "7"]
[EventCountry "CAN"]
[SourceTitle "EXT 2011"]
[Source "ChessBase"]
[SourceDate "2011.11.26"]
[SourceVersion "1"]
[SourceVersionDate "2011.11.26"]
[SourceQuality "1"]

1. e4 e5 2. Nf3 Nc6 3. Bc4 Bc5 4. d3 d6 5. Ng5 Qf6 6. O-O Be6 7. Bxe6 fxe6 8. Nxe6 Qxe6 9. Qh5+ g6 10. Qf3 O-O-O 11. Nc3 Nf6 12. Nb5 d5 13. Nxa7+ Nxa7 14. Bg5 dxe4 15. dxe4 Rhf8 16. b4 Bxb4 17. Rfd1 Rxd1+ 18. Rxd1 Ng4 19. Qd3 Nc6 20. Qb5 h6 21. Bd2 Bxd2 22. Rxd2 Rd8 23. Rxd8+ Kxd8 24. Qd3+ Qd7 25. Qxd7+ Kxd7 26. h3 Nf6 27. g4 Nxe4 28. f3 Nc3 29. a3 Nd4 30. a4 Nxc2 31. a5 e4 32. fxe4 Nxe4 33. h4 Na3 34. h5 gxh5 35. gxh5 Nc4 36. a6 bxa6 37. Kf1 a5 38. Kg1 a4 39. Kf1 a3 40. Kg1 a2 41. Kf1 a1=Q+ 42. Kg2 Qa3 0-1

[Event "CYCC U08"]
[Site "Quebec CAN"]
[Date "2008.07.15"]
[Round "4"]
[White "Kassam, Jamil"]
[Black "Bellissimo, Joseph"]
[Result "1/2-1/2"]
[WhiteElo "1210"]
[BlackElo "1206"]
[PlyCount "70"]
[GameId "2160767910353816"]
[EventDate "2008.07.14"]
[EventType "swiss"]
[EventRounds "7"]
[EventCountry "CAN"]
[SourceTitle "EXT 2011"]
[Source "ChessBase"]
[SourceDate "2011.11.26"]
[SourceVersion "1"]
[SourceVersionDate "2011.11.26"]
[SourceQuality "1"]

1. e4 e5 2. Nf3 Nc6 3. Bc4 Bc5 4. c3 Nf6 5. d4 exd4 6. cxd4 Bb4+ 7. Bd2 Bxd2+ 8. Nbxd2 d5 9. exd5 Nxd5 10. O-O O-O 11. Re1 Bg4 12. Qb3 Na5 13. Qd3 Nxc4 14. Nxc4 Bxf3 15. Qxf3 c6 16. Ne5 Nb4 17. Qc3 Nd5 18. Qf3 Qa5 19. Qb3 Qd2 20. Nf3 Qb4 21. Qc2 Rfe8 22. a3 Rxe1+ 23. Rxe1 Qb6 24. Qe4 h6 25. Qc2 Qa5 26. Qb3 Nb6 27. Re7 Qf5 28. h3 Rb8 29. Ne5 Nd5 30. Rxf7 Qg5 31. Rxb7 Qc1+ 32. Kh2 Qf4+ 33. g3 Qxf2+ 34. Kh1 Qf1+ 35. Kh2 Qf2+ 1/2-1/2

[Event "CYCC U08"]
[Site "Quebec CAN"]
[Date "2008.07.15"]
[Round "4"]
[White "Lee, Jonah"]
[Black "Luo, Alan"]
[Result "1-0"]
[WhiteElo "1318"]
[BlackElo "914"]
[PlyCount "75"]
[GameId "2160767910353817"]
[EventDate "2008.07.14"]
[EventType "swiss"]
[EventRounds "7"]
[EventCountry "CAN"]
[SourceTitle "EXT 2011"]
[Source "ChessBase"]
[SourceDate "2011.11.26"]
[SourceVersion "1"]
[SourceVersionDate "2011.11.26"]
[SourceQuality "1"]

1. c4 e5 2. g3 Nf6 3. Bg2 Bc5 4. e3 Nc6 5. Ne2 O-O 6. O-O d6 7. d3 Be6 8. Nbc3 Qd7 9. Re1 Bh3 10. Bh1 Ng4 11. Ne4 f5 12. Ng5 f4 13. Nxh3 fxe3 14. fxe3 Nxe3 15. Bxe3 Bxe3+ 16. Kg2 Qg4 17. Neg1 Qd4 18. b3 Bxg1 19. Rxg1 Qb2+ 20. Nf2 Qxf2+ 21. Kh3 Rf6 22. Bd5+ Kh8 23. Rf1 Rh6+ 24. Kg4 Qxh2 25. Kf3 Rf8+ 26. Ke3 Qxg3+ 27. Kd2 Rh2+ 28. Kc3 Rxf1 29. Qxf1 h6 30. Qf8+ Kh7 31. Be4+ g6 32. Rf1 Nd8 33. Bd5 h5 34. Bg8+ Kh8 35. Bf7+ Kh7 36. Bg8+ Kh8 37. Qh6+ Kxg8 38. Rf8# 1-0

[Event "CYCC U08"]
[Site "Quebec CAN"]
[Date "2008.07.15"]
[Round "4"]
[White "Lepage, Draven"]
[Black "Boushy, Declan Paul"]
[Result "1-0"]
[WhiteElo "991"]
[BlackElo "783"]
[PlyCount "21"]
[GameId "2160767910353818"]
[EventDate "2008.07.14"]
[EventType "swiss"]
[EventRounds "7"]
[EventCountry "CAN"]
[SourceTitle "EXT 2011"]
[Source "ChessBase"]
[SourceDate "2011.11.26"]
[SourceVersion "1"]
[SourceVersionDate "2011.11.26"]
[SourceQuality "1"]

1. e4 e5 2. Nf3 Nc6 3. Nc3 Nf6 4. Bb5 a6 5. Bc4 Be7 6. Ng5 Ng4 7. Nxf7 Nxf2 8. Kxf2 Na5 9. Nxd8 Nxc4 10. Qh5+ Kf8 11. Qf7# 1-0

[Event "CYCC U08"]
[Site "Quebec CAN"]
[Date "2008.07.15"]
[Round "4"]
[White "Lepage, Marcel"]
[Black "Seguin, Derek"]
[Result "0-1"]
[WhiteElo "946"]
[BlackElo "1027"]
[PlyCount "116"]
[GameId "2160767910353819"]
[EventDate "2008.07.14"]
[EventType "swiss"]
[EventRounds "7"]
[EventCountry "CAN"]
[SourceTitle "EXT 2011"]
[Source "ChessBase"]
[SourceDate "2011.11.26"]
[SourceVersion "1"]
[SourceVersionDate "2011.11.26"]
[SourceQuality "1"]

1. e4 e5 2. Nc3 Nc6 3. Nf3 Nf6 4. Bc4 Bc5 5. O-O O-O 6. d3 d6 7. Bg5 h6 8. Bh4 g5 9. Bg3 Nh5 10. Re1 Nxg3 11. hxg3 Nd4 12. Nxd4 exd4 13. Na4 Bb4 14. c3 Ba5 15. b4 Bb6 16. g4 h5 17. gxh5 g4 18. f3 gxf3 19. Qxf3 dxc3+ 20. Nxb6 axb6 21. Qg3+ Kh8 22. Rac1 Be6 23. Bxe6 fxe6 24. Rxc3 Rg8 25. Qh3 Rxa2 26. Re3 Raxg2+ 27. Qxg2 Rxg2+ 28. Kxg2 Qg8+ 29. Rg3 Qh7 30. Rc2 c5 31. bxc5 bxc5 32. Rf2 Qxh5 33. Rf8+ Kh7 34. Rgg8 Qe2+ 35. Kh3 Qxd3+ 36. Kh2 c4 37. Rh8+ Kg7 38. Re8 c3 39. Rh3 Qd2+ 40. Kg3 c2 41. Kh4 c1=Q 42. Rg3+ Kf7 43. Ra8 Qh1+ 44. Rh3 Qxe4+ 45. Kh5 b6 46. Ra7+ Kf6 47. Raa3 Qde2+ 48. Raf3+ Ke5 49. Kh6 b5 50. Re3 Q2xe3+ 51. Rxe3 Qxe3+ 52. Kh7 b4 53. Kh8 b3 54. Kh7 b2 55. Kh8 b1=Q 56. Kg8 Qf1 57. Kh8 Qg3 58. Kh7 Qfh3# 0-1

[Event "CYCC U08"]
[Site "Quebec CAN"]
[Date "2008.07.15"]
[Round "4"]
[White "Zotkin, Daniel"]
[Black "Liu, Tony"]
[Result "0-1"]
[WhiteElo "1059"]
[BlackElo "673"]
[PlyCount "66"]
[GameId "2160767910353821"]
[EventDate "2008.07.14"]
[EventType "swiss"]
[EventRounds "7"]
[EventCountry "CAN"]
[SourceTitle "EXT 2011"]
[Source "ChessBase"]
[SourceDate "2011.11.26"]
[SourceVersion "1"]
[SourceVersionDate "2011.11.26"]
[SourceQuality "1"]

1. e4 e5 2. Nf3 Nc6 3. Nc3 Nf6 4. Be2 Bc5 5. Nxe5 Nxe5 6. d4 Bxd4 7. Qxd4 Nc6 8. Qe3 O-O 9. O-O d5 10. exd5 Nxd5 11. Nxd5 Qxd5 12. c4 Qe5 13. Qxe5 Nxe5 14. Bf4 Re8 15. Rfd1 c5 16. Rd5 Nd7 17. Bg4 Nf6 18. Rxc5 Bxg4 19. Rb5 b6 20. h3 Be2 21. Rc1 Rac8 22. Bg5 Ne4 23. Rb4 Nxg5 24. h4 Ne4 25. Re1 Bxc4 26. f3 Nd6 27. Rc1 Bxa2 28. Rd1 Rc4 29. Rxc4 Nxc4 30. Rc1 Nxb2 31. Rc2 h6 32. Rxb2 Bc4 33. Rc2 b5 0-1

[Event "CYCC U08"]
[Site "Quebec CAN"]
[Date "2008.07.16"]
[Round "5"]
[White "Aghamalian, Derick"]
[Black "Gagne, Eric"]
[Result "1-0"]
[WhiteElo "954"]
[BlackElo "951"]
[PlyCount "55"]
[GameId "2160767910353822"]
[EventDate "2008.07.14"]
[EventType "swiss"]
[EventRounds "7"]
[EventCountry "CAN"]
[SourceTitle "EXT 2011"]
[Source "ChessBase"]
[SourceDate "2011.11.26"]
[SourceVersion "1"]
[SourceVersionDate "2011.11.26"]
[SourceQuality "1"]

1. e4 e5 2. Nf3 Nc6 3. Bc4 Nf6 4. Nc3 Bc5 5. Ng5 Rf8 6. O-O d5 7. exd5 Nxd5 8. Bxd5 Qxd5 9. Nxd5 h6 10. Nxc7+ Kd8 11. Nxa8 hxg5 12. d3 Nb4 13. Bxg5+ f6 14. Be3 Bd6 15. Bxa7 f5 16. c3 Nc6 17. Be3 Rh8 18. Bg5+ Ne7 19. Bxe7+ Bxe7 20. Nb6 Bd6 21. Nxc8 Kxc8 22. Re1 e4 23. dxe4 Bxh2+ 24. Kf1 Bc7 25. exf5 Rh1+ 26. Ke2 Rh2 27. g3 Bb6 28. Rf1 1-0

[Event "CYCC U08"]
[Site "Quebec CAN"]
[Date "2008.07.16"]
[Round "5"]
[White "Boushy, Declan Paul"]
[Black "Lepage, Marcel"]
[Result "1-0"]
[WhiteElo "783"]
[BlackElo "946"]
[PlyCount "29"]
[GameId "2160767910353823"]
[EventDate "2008.07.14"]
[EventType "swiss"]
[EventRounds "7"]
[EventCountry "CAN"]
[SourceTitle "EXT 2011"]
[Source "ChessBase"]
[SourceDate "2011.11.26"]
[SourceVersion "1"]
[SourceVersionDate "2011.11.26"]
[SourceQuality "1"]

1. e4 e5 2. Nf3 Nc6 3. Bd3 Bc5 4. O-O Nf6 5. Bb5 Nxe4 6. Bxc6 dxc6 7. Nxe5 h5 8. Qf3 Rf8 9. Nd3 Bxf2+ 10. Nxf2 Nxf2 11. Qe3+ Be6 12. Qxf2 Bc4 13. Qe3+ Qe7 14. Re1 Rd8 15. Qxe7# 1-0

[Event "CYCC U08"]
[Site "Quebec CAN"]
[Date "2008.07.16"]
[Round "5"]
[White "Gugel, Brett"]
[Black "Bellissimo, Joseph"]
[Result "0-1"]
[WhiteElo "1176"]
[BlackElo "1206"]
[PlyCount "124"]
[GameId "2160767910353824"]
[EventDate "2008.07.14"]
[EventType "swiss"]
[EventRounds "7"]
[EventCountry "CAN"]
[SourceTitle "EXT 2011"]
[Source "ChessBase"]
[SourceDate "2011.11.26"]
[SourceVersion "1"]
[SourceVersionDate "2011.11.26"]
[SourceQuality "1"]

1. e4 e5 2. Nf3 Nc6 3. Bb5 Bc5 4. c3 Qf6 5. O-O Nge7 6. d3 a6 7. Ba4 h6 8. Be3 Bxe3 9. fxe3 O-O 10. d4 exd4 11. Nxd4 Qg6 12. Bc2 Qg5 13. Qd3 Nxd4 14. exd4 d6 15. Qg3 Qxg3 16. hxg3 d5 17. e5 Bd7 18. Nd2 Bb5 19. Rf3 a5 20. a4 Bd7 21. Nb3 b6 22. Ra2 g6 23. Ra1 Nf5 24. g4 Ng7 25. Rh3 h5 26. Rh2 Bxg4 27. Kf2 Ne6 28. Bd1 Bxd1 29. Rxd1 f6 30. Rdh1 fxe5+ 31. Ke3 e4 32. g4 Ng7 33. gxh5 Nxh5 34. Rg1 Rf3+ 35. Ke2 Nf4+ 36. Kd2 e3+ 37. Ke1 Rf2 38. Rxf2 exf2+ 39. Kxf2 Nh3+ 40. Kg2 Nxg1 41. Kxg1 Kf7 42. Nd2 Re8 43. Nf3 Kf6 44. Ne5 Rxe5 45. dxe5+ Kxe5 46. Kf2 Kf4 47. Kg2 g5 48. Kf2 c5 49. b3 d4 50. cxd4 cxd4 51. Kg2 d3 52. Kf2 g4 53. Ke1 g3 54. Kd2 g2 55. Kxd3 g1=Q 56. Kc2 Ke4 57. b4 Qf2+ 58. Kb1 axb4 59. a5 bxa5 60. Ka1 Qd2 61. Kb1 b3 62. Ka1 Qa2# 0-1

[Event "CYCC U08"]
[Site "Quebec CAN"]
[Date "2008.07.16"]
[Round "5"]
[White "Lepage, Draven"]
[Black "Zotkin, Daniel"]
[Result "0-1"]
[WhiteElo "991"]
[BlackElo "1059"]
[PlyCount "132"]
[GameId "2160767910353825"]
[EventDate "2008.07.14"]
[EventType "swiss"]
[EventRounds "7"]
[EventCountry "CAN"]
[SourceTitle "EXT 2011"]
[Source "ChessBase"]
[SourceDate "2011.11.26"]
[SourceVersion "1"]
[SourceVersionDate "2011.11.26"]
[SourceQuality "1"]

1. e4 e5 2. Nf3 Nc6 3. Nc3 Nf6 4. Bb5 d5 5. Bxc6+ bxc6 6. exd5 Nxd5 7. Nxd5 Qxd5 8. d4 Bg4 9. dxe5 Bxf3 10. gxf3 Qxe5+ 11. Qe2 Qxe2+ 12. Kxe2 Bc5 13. Be3 Bd6 14. Kd3 O-O 15. Rhg1 Bxh2 16. Rg2 Bd6 17. Bd4 f6 18. Rag1 Rf7 19. Rh1 Be5 20. Bxe5 fxe5 21. Rgh2 Rd8+ 22. Ke2 g6 23. Rd1 Rxd1 24. Kxd1 Rxf3 25. Rh4 Rxf2 26. Ra4 h5 27. Rxa7 h4 28. Ra3 Rh2 29. Ra8+ Kh7 30. Rc8 h3 31. Rxc7+ Kh6 32. a4 Rh1+ 33. Ke2 Rg1 34. a5 h2 35. a6 h1=Q 36. a7 c5 37. Rc8 Qh2+ 38. Ke3 Rg3+ 39. Ke4 Qh4+ 40. Kd5 Qd4+ 41. Kc6 Qe4+ 42. Kc7 Qa4 43. a8=Q Qxa8 44. Rxa8 Rg2 45. Rh8+ Kg5 46. c3 Rxb2 47. Re8 c4 48. Rxe5+ Kf6 49. Kd6 Rd2+ 50. Rd5 Rxd5+ 51. Kxd5 g5 52. Kxc4 Kf5 53. Kb4 g4 54. c4 g3 55. c5 g2 56. c6 g1=Q 57. c7 Qc1 58. c8=Q+ Qxc8 59. Kb3 Qc5 60. Kb2 Qc4 61. Ka1 Qe2 62. Kb1 Qd2 63. Ka1 Ke4 64. Kb1 Kd3 65. Ka1 Kc3 66. Kb1 Qb2# 0-1

[Event "CYCC U08"]
[Site "Quebec CAN"]
[Date "2008.07.16"]
[Round "5"]
[White "Liu, Tony"]
[Black "Lee, Jonah"]
[Result "0-1"]
[WhiteElo "673"]
[BlackElo "1318"]
[PlyCount "73"]
[GameId "2160767910353826"]
[EventDate "2008.07.14"]
[EventType "swiss"]
[EventRounds "7"]
[EventCountry "CAN"]
[SourceTitle "EXT 2011"]
[Source "ChessBase"]
[SourceDate "2011.11.26"]
[SourceVersion "1"]
[SourceVersionDate "2011.11.26"]
[SourceQuality "1"]

1. e4 e6 2. d4 d5 3. exd5 exd5 4. Nf3 c6 5. Bd3 Bg4 6. O-O Nf6 7. Nc3 Nbd7 8. h3 Be6 9. Re1 Be7 10. Bf4 Qb6 11. b3 O-O-O 12. Na4 Qa5 13. c3 Rde8 14. b4 Qd8 15. Nc5 Nxc5 16. bxc5 Rhg8 17. Rb1 g5 18. Qb3 Qd7 19. Bg3 g4 20. hxg4 Bxg4 21. Ne5 Qc7 22. Nxf7 Qd7 23. Bxh7 Nxh7 24. Ne5 Qc7 25. Nxg4 Qd7 26. f3 Nf6 27. Nxf6 Bxf6 28. Bh2 Rxe1+ 29. Rxe1 Qh3 30. Re2 Qxf3 31. Qd1 Qxc3 32. Be5 Bxe5 33. Rxe5 Kd7 34. Kf2 Qg3+ 35. Ke2 Qxg2+ 36. Ke3 Rg3+ 37. Kf4 0-1

[Event "CYCC U08"]
[Site "Quebec CAN"]
[Date "2008.07.16"]
[Round "5"]
[White "Zhang, Richard"]
[Black "Kassam, Jamil"]
[Result "1/2-1/2"]
[WhiteElo "962"]
[BlackElo "1210"]
[PlyCount "116"]
[GameId "2160767910353828"]
[EventDate "2008.07.14"]
[EventType "swiss"]
[EventRounds "7"]
[EventCountry "CAN"]
[SourceTitle "EXT 2011"]
[Source "ChessBase"]
[SourceDate "2011.11.26"]
[SourceVersion "1"]
[SourceVersionDate "2011.11.26"]
[SourceQuality "1"]

1. e4 e5 2. Nf3 Nc6 3. Bb5 a6 4. Bxc6 dxc6 5. d4 exd4 6. Qxd4 Qxd4 7. Nxd4 Bc5 8. Be3 Nf6 9. Nc3 Ng4 10. O-O-O Nxe3 11. fxe3 O-O 12. Rde1 Bb4 13. Nde2 Bg4 14. a3 Bc5 15. Nd4 Rad8 16. h3 Bh5 17. g4 Bg6 18. Rd1 Rfe8 19. Rd3 Bxe4 20. Nxe4 Rxe4 21. Rhd1 h6 22. b4 Bxd4 23. Rxd4 Rdxd4 24. exd4 Re3 25. d5 Rxa3 26. dxc6 Ra1+ 27. Kd2 Rxd1+ 28. Kxd1 bxc6 29. Kd2 Kf8 30. Kc3 Ke8 31. Kc4 Kd7 32. Kc5 f6 33. h4 h5 34. gxh5 f5 35. Kd4 f4 36. Ke4 f3 37. Kxf3 c5 38. c3 cxb4 39. cxb4 c5 40. bxc5 a5 41. Ke2 a4 42. Kd2 a3 43. Kc2 a2 44. Kb2 Kc6 45. Kxa2 Kxc5 46. Kb3 Kd4 47. Kc2 Ke4 48. Kd2 Kf4 49. Ke2 Kg4 50. h6 gxh6 51. Kf2 Kxh4 52. Kg2 Kg4 53. Kh2 h5 54. Kg2 h4 55. Kh2 h3 56. Kh1 Kg3 57. Kg1 h2+ 58. Kh1 Kh3 1/2-1/2

[Event "CYCC U08"]
[Site "Quebec CAN"]
[Date "2008.07.16"]
[Round "6"]
[White "Aghamalian, Derick"]
[Black "Lepage, Draven"]
[Result "0-1"]
[WhiteElo "954"]
[BlackElo "991"]
[PlyCount "64"]
[GameId "2160767910353829"]
[EventDate "2008.07.14"]
[EventType "swiss"]
[EventRounds "7"]
[EventCountry "CAN"]
[SourceTitle "EXT 2011"]
[Source "ChessBase"]
[SourceDate "2011.11.26"]
[SourceVersion "1"]
[SourceVersionDate "2011.11.26"]
[SourceQuality "1"]

1. e4 e5 2. Nf3 Nc6 3. Bc4 d6 4. d3 Be6 5. Bxe6 fxe6 6. Ng5 Be7 7. Nxe6 Qd7 8. Ng5 Bxg5 9. Bxg5 Nf6 10. Bxf6 gxf6 11. O-O Nd4 12. c3 Ne6 13. d4 exd4 14. cxd4 d5 15. e5 fxe5 16. dxe5 Nf4 17. Qd4 Ne2+ 18. Kh1 Nxd4 19. Nc3 Rg8 20. Rfe1 Qg7 21. g3 Nc2 22. Rec1 Nxa1 23. Rxa1 Qg6 24. Nxd5 Qc6 25. Rd1 Rd8 26. f4 Rxd5 27. Rxd5 Qxd5+ 28. Kg1 Qd2 29. b3 Qb2 30. a4 Ke7 31. a5 Rd8 32. Kf1 Rd1# 0-1

[Event "CYCC U08"]
[Site "Quebec CAN"]
[Date "2008.07.16"]
[Round "6"]
[White "Bellissimo, Joseph"]
[Black "Zotkin, Daniel"]
[Result "0-1"]
[WhiteElo "1206"]
[BlackElo "1059"]
[PlyCount "92"]
[GameId "2160767910353830"]
[EventDate "2008.07.14"]
[EventType "swiss"]
[EventRounds "7"]
[EventCountry "CAN"]
[SourceTitle "EXT 2011"]
[Source "ChessBase"]
[SourceDate "2011.11.26"]
[SourceVersion "1"]
[SourceVersionDate "2011.11.26"]
[SourceQuality "1"]

1. e4 e5 2. Nf3 Nc6 3. Bc4 Bd6 4. d3 Nf6 5. Bg5 O-O 6. Nc3 b6 7. Nd5 Be7 8. Nxe7+ Qxe7 9. O-O Bb7 10. c3 h6 11. Bh4 Rae8 12. Re1 d6 13. d4 Nb8 14. Qa4 Bc6 15. Qxa7 Rc8 16. Qa3 Nbd7 17. Nxe5 Nxe5 18. dxe5 Qxe5 19. Bxf6 Qxf6 20. Qb3 Rce8 21. Bd5 Bd7 22. Qc4 Re5 23. Qxc7 Rd8 24. Qxb6 Rg5 25. Re3 Re8 26. Rf3 Qxf3 27. Kf1 Qxg2+ 28. Ke2 Bg4+ 29. Ke3 Bf3 30. Bc6 Ree5 31. Qd4 Qh3 32. Kd2 Qxh2 33. Kc2 Rg2 34. c4 Rxf2+ 35. Kb3 Rd2 36. Qc3 Bxe4 37. Bxe4 Rxe4 38. a4 Qe2 39. Kb4 Rxb2+ 40. Ka5 Rc2 41. Qb4 Rcxc4 42. Qa3 Re5+ 43. Kb6 Qf2+ 44. Ka6 Rc7 45. Qe3 Qxe3 46. Re1 Qa7# 0-1